Polscy Naukowcy - quiz - Statystyki

Ogólne statystyki
  • Ten quiz został rozwiązany 13 razy
  • Średni wynik to 5 z 15
Statystyki odpowiedzi
Hint Odpowiedź % Poprawnych
1. Udowodnił, że to Ziemia krąży wokół Słońca, co całkowicie zmieniło postrzeganie miejsca człowieka we wszechświecie. Jego dzieło zostało opublikowane chwilę przed jego śmiercią i zapoczątkowało nowożytną astronomię. Do dziś uważany jest za jednego z najważniejszych uczonych w historii ludzkości. Mikołaj Kopernik
100%
2. Była pionierką badań nad promieniotwórczością i odkryła dwa nowe pierwiastki: polon oraz rad. Jako jedyna osoba na świecie otrzymała Nagrodę Nobla w dwóch różnych dziedzinach nauk przyrodniczych (fizyka i chemia). Jej praca położyła podwaliny pod nowoczesną diagnostykę nowotworów. Maria Skłodowska-Curie
92%
5. Skonstruował pierwszą na świecie lampę naftową, która zrewolucjonizowała oświetlenie wnętrz. Założył pierwszą na świecie kopalnię ropy naftowej (w Bóbrce) i stworzył fundamenty pod światowy przemysł naftowy. Dbał również o rozwój regionu i dobrobyt swoich pracowników. Ignacy Łukasiewicz
75%
6. Był wybitnym biochemikiem, twórcą nauki o witaminach, który w 1912 roku wyodrębnił witaminę B1 i wprowadził termin „witamina”. Postawił tezę, że choroby takie jak beri-beri, szkorbut i krzywica wynikają z niedoborów substancji odżywczych. Tym samym zapoczątkował zupełnie nowe podejście do dietetyki i medycyny. Kazimierz Funk
50%
12. Był naukowym kierownikiem pierwszej międzynarodowej wyprawy, która przezimowała na Antarktydzie na statku. Prowadził precyzyjne obserwacje meteorologiczne i geologiczne w ekstremalnych warunkach. Jego imieniem nazwano polską stację polarną na Wyspie Króla Jerzego. Henryk Arctowski
42%
4. Był wybitnym polskim matematykiem, współtwórcą lwowskiej szkoły matematycznej i fundamentów analizy funkcjonalnej, jedną z najważniejszych dziedzin współczesnej matematyki. Jego nazwisko nosi wiele pojęć matematycznych, w tym słynna "przestrzeń [jego nazwisko]". Stefan Banach
42%
14. Odkrył pierwsze trzy planety krążące wokół gwiazdy innej niż Słońce - było to epokowe odkrycie, które udowodniło, że we wszechświecie istnieją inne systemy planetarne, co dało początek nowej dziedzinie astronomii. Do dziś pozostaje jednym z najbardziej rozpoznawalnych polskich astronomów na świecie. Aleksander Wolszczan
25%
7. Opracował system oznaczeń grup krwi (A, B, 0, AB), który został przyjęty jako standard na całym świecie w 1928r. Wyjaśnił mechanizm konfliktu serologicznego między matką a dzieckiem, co uratowało życie milionom noworodków. Zajmował się również transfuzjologią i opracował zasady przetaczania krwi. Ludwik Hirszfeld
25%
8. Był wybitnym wirusologiem i immunologiem. opracował pierwszą skuteczną szczepionkę przeciwko polio, pracował nad szczepionką przeciw wściekliźnie oraz prowadził pionierskie badania nad przeciwciałami monoklonalnymi. Hilary Koprowski
8%
10. Był genialnym inżynierem (nazywanym polskim Bill Gatesem) stworzył K-202 – pierwszy na świecie mikrokomputer osobisty oparty na układach scalonych. Zaprojektował również komputer AKAT-1, będącym pierwszym na świecie analogowym komputerem tranzystorowym Jacek Karpiński
8%
3. Opracował metodę otrzymywania monokryształów, która stała się podstawą produkcji układów scalonych i procesorów. Bez jego odkrycia nie byłoby dzisiaj smartfonów, komputerów ani współczesnej elektroniki. Dokonował również wielu innowacji w dziedzinie metaloznawstwa. Jan Czochralski
8%
9. Był wybitnym polskim wynalazcą i pionierem kinematografii. Skonstruował pleograf, jedną z pierwszych kamer i projektorów, aeroskop - pierwszą ręczną kamerę o napędzie automatycznym, oraz obturator - eliminujący migotanie obrazu. Wynalazł także kinofon oraz aparat "Oko". Kazimierz Prószyński
8%
15. Był inżynierem i profesorem, który stał się głównym twórcą koncepcji pojazdu księżycowego LRV (Lunar Roving Vehicle) używanego w misjach Apollo. Jego prace nad mechaniką układów pojazd-teren pozwoliły astronautom bezpiecznie poruszać się po powierzchni Księżyca. Do dziś uznawany jest za światowego ojca terramechaniki, czyli nauki o ruchu pojazdów w trudnym terenie. Mieczysław Bekker
8%
11. Jako jeden z pierwszych na świecie zarejestrował i opisał szybkość linearnego przepływu krwi w tętnicy szyjnej i udowej. Prowadził pionierskie badania nad elektryczną aktywnością mózgu. Jego prace stanowiły wstęp do rozwoju nowoczesnej endokrynologii i neurologii. Napoleon Cybulski
8%
13. Pracował przy projekcie budowy bomby atomowej w USA. Wymyślił metodę Monte Carlo, która pozwala rozwiązywać skomplikowane problemy matematyczne za pomocą symulacji komputerowych. Miał również kluczowy wkład w opracowanie mechanizmu działania bomby wodorowej. Stanisław Ulam
8%
Nie znaleziono quizów pasujących do podanych kryteriów
Rozkład punktacji
Procent ludzi z każdym wynikiem
Percentyl według liczby udzielonych odpowiedzi
Twoja historia wyników
Nie rozwiązałeś tego quizu